000 00724nam a22002057a 4500
999 _c20764
_d20764
003 AR-CdUCM
008 190605b ||||| |||| 00| 0 spa d
040 _aMUNICIPALIDAD PROVINCIAL DEL CUSCO
_cBIBLIOTECA MUNICIPAL DEL CUSCO
082 _a591.525 /
_bF23
100 _aFarner, Donald S.
_943364
245 _aFotoperiodismo en los animales /
260 _aMéxico :
_bContinental,
_c1976.
300 _a36 páginas ;
_c27 cm.
505 _aContenido : El fotoperiodismo diario y su control de ciclos anuales -- Los tipos de ciclos controlados foto periódicamente...
650 _aFotoperiodismo
_943365
650 _aControl
_925046
700 _aSalinas Garcia, Manuel
_943366
942 _2ddc
_cLIBROS
945 _arcc